Most common female names starting with H - Statistics

General Stats
  • This quiz has been taken 241 times
  • The average score is 24 of 100
Answer Stats
Hint Answer % Correct
13 Hanna
93%
2 Hannah
88%
3 Helen
80%
4 Holly
72%
21 Helena
71%
5 Hailey
65%
1 Heather
63%
24 Hilda
59%
22 Harriet
58%
34 Hana
54%
10 Hope
54%
33 Henrietta
53%
8 Harper
51%
96 Hayle
51%
29 Halle
48%
20 Hallie
47%
7 Heidi
46%
37 Holli
46%
17 Harley
43%
11 Hayley
43%
6 Haley
42%
23 Hattie
42%
31 Helene
41%
60 Honey
41%
18 Heaven
40%
9 Hazel
39%
27 Hollie
38%
14 Harmony
34%
12 Hadley
33%
26 Haven
33%
19 Hillary
33%
98 Hermione
29%
75 Hanah
28%
67 Hester
28%
25 Hilary
28%
15 Hayden
27%
35 Harlow
26%
68 Honor
26%
52 Hali
25%
16 Haylee
24%
46 Hayleigh
24%
59 Hellen
24%
28 Hailee
22%
32 Hunter
22%
58 Halley
21%
63 Haily
20%
44 Harriett
20%
84 Haileigh
18%
30 Haleigh
16%
64 Halee
15%
40 Halie
15%
42 Hailie
14%
90 Hala
14%
83 Hayli
14%
39 Harlee
13%
70 Harriette
13%
100 Havana
13%
53 Harlie
12%
41 Holland
12%
61 Halo
11%
48 Harmoni
11%
36 Haylie
11%
43 Henley
11%
87 Henry
11%
55 Hollis
11%
89 Hudson
11%
47 Heavenly
10%
57 Hadleigh
9%
54 Holley
9%
51 Hadlee
8%
91 Haiden
8%
38 Hadassah
7%
56 Haisley
7%
49 Harleigh
7%
99 Haya
7%
94 Hedy
7%
78 Heide
7%
45 Heidy
7%
85 Huda
7%
66 Harmonie
6%
73 Hawa
6%
50 Honesty
6%
82 Haddie
5%
81 Hensley
5%
93 Hosanna
5%
92 Harlyn
3%
79 Hartley
3%
69 Hafsa
2%
72 Haidyn
2%
86 Hindy
2%
88 Hollyn
2%
71 Hortencia
2%
74 Halima
1%
62 Haydee
1%
97 Hennessy
1%
80 Herminia
1%
76 Hanan
0%
65 Herlinda
0%
95 Hermelinda
0%
77 Hiba
0%
No matching quizzes found
Score Distribution
Percent of People with Each Score
Percentile by Number Answered
Your Score History
You have not taken this quiz